000 00690nam a22002297a 4500
003 OSt
008 230518b2014 |||||||| |||| 00| 0 eng d
020 _a9788131500668
082 _a658.4013
_bEVA-M
100 _aEvans, James R.
245 _aManaging for quality and performance excellence /
_cJames R. Evans and William M. Lindsay
250 _a9th ed.
260 _aDelhi :
_bCengage Learning,
_c2014.
300 _axx, 697 p. ;
650 _aQuality assurance
650 _aQuality control
650 _aTotal quality management
650 _aMedical care-Quality control
650 _aQuality assurance-Health aspects
700 _aLindsay, William M.
942 _2ddc
_cBK
_01
999 _c19569
_d19569